00294pab a2200121 454500008004000000100002400040245002700064260000900091300000900100362000900109650002000118773003400138180718b1989 xxu||||| |||| 00| 0 eng d aVenkataramiah, E.S. aFreedom of information c1989 a5-11 aApr. aCivil Liberties aPress Council of India Review